La lingüística (Record no. 99457)

MARC details
000 -LEADER
campo de control de longitud fija 00524nam a2200169 i 4500
001 - NÚMERO DE CONTROL
campo de control 99457
003 - IDENTIFICADOR DE NÚMERO DE CONTROL
campo de control ES-MaACL
005 - FECHA Y HORA DE LA ÚLTIMA TRANSACCIÓN
campo de control 20230906182512.0
007 - CAMPO FIJO DE DESCRIPCIÓN FÍSICA--INFORMACIÓN GENERAL
campo de control de longitud fija t|
008 - DATOS DE LONGITUD FIJA--INFORMACIÓN GENERAL
campo de control de longitud fija 050908s1972 sp ||||1| spa d
100 1# - ENTRADA PRINCIPAL--NOMBRE DE PERSONA
Nombre de persona Martinet, André.
9 (RLIN) 77704
245 13 - MENCIÓN DEL TÍTULO
Título La lingüística
Resto del título : guía alfabética /
Mención de responsabilidad, etc. bajo la dirección de André Martinet; traducción Carlos Manzano.
260 ## - PUBLICACIÓN, DISTRIBUCIÓN, ETC.
Lugar de publicación, distribución, etc. Barcelona :
Nombre del editor, distribuidor, etc. Anagrama,
Fecha de publicación, distribución, etc. 1972.
300 ## - DESCRIPCIÓN FÍSICA
Extensión 484 p. ;
Dimensiones 23 cm.
700 1# - ENTRADA AGREGADA--NOMBRE PERSONAL
Nombre de persona Manzano, Carlos.
9 (RLIN) 76216
852 ## - LOCALIZACIÓN
Ubicación ES-MaACL
Número de control de estantería C-51892
Sublocalización o colección R.85484
Holdings
Estatus retirado Estado de pérdida Estado de daño No para préstamo Biblioteca de origen Biblioteca actual Ubicación en estantería Fecha de adquisición Fuente de adquisición Total de préstamos Signatura topográfica completa Código de barras Visto por última vez Precio de reemplazo Tipo de ítem Koha
        Biblioteca del Ateneo de Madrid Biblioteca del Ateneo de Madrid Depósito 2 17/01/2008     C-51892 1103850 23/02/2023 23/02/2023 Libro impreso